Statistics for Top 50 Most Influential Figures in Sports

Click here to take the quiz!

General Stats

  • This quiz has been taken 39 times
  • The average score is 4 of 50

Answer Stats

Category # Answer Role in Sports % Correct
Speak Up2LeBron JamesBasketball Player
82%
Level Up1Cristiano RonaldoSoccer Player
68%
Level Up9Russell WestbrookBasketball Player
21%
Speak Up4Steve Kerr & Gregg PopovichBasketball Coaches
21%
Speak Up3Last Men KneelingFootball Players
18%
Shake It Up5Lamar JacksonFootball Player
18%
Glow Up2JuJu Smith-SchusterFootball Player
18%
Speak Up1Aly RaismanGymnast
13%
Boss Up10LaVar BallFather/CEO/Entrepreneur
13%
Shake It Up4DrakeHip-Hop Artist
11%
Boss Up7Zlatan IbrahimovićSoccer Player
8%
Glow Up1Donovan MitchellBasketball Player
5%
Shake It Up1Meek MillHip-Hop Artist
5%
Level Up2Giannis AntetokounmpoBasketball Player
5%
Level Up3Chloe KimSnowboarder
5%
Level Up4The Women of WWEWWE
5%
Glow Up7Kylian MbappeSoccer Player
5%
Shake It Up8KSIYouTuber/Rapper/Boxer
5%
Boss Up1Jimmy GaroppoloFootball Player
3%
Level Up7Aaron JudgeBaseball Player
3%
Speak Up6Kevin LoveBasketball Player
3%
Glow Up3Mohamed SalahSoccer Player
3%
Glow Up4Jelly FamBasketball Collective
3%
Glow Up5Victor OladipoBasketball Player
3%
Speak Up5Adam RipponFigure Skater
3%
Glow Up10Darrell Wallace, Jr.Race Car Driver
3%
Boss Up2Becky HammonBasketball Coach
0%
Speak Up10Enes KanterBasketball Player
0%
Glow Up9Naomi OsakaTennis Player
0%
Glow Up8QuavoHip-Hop Artist
0%
Boss Up3Virgil AblohFashion Designer
0%
Glow Up6Arike OgunbowaleBasketball Player
0%
Boss Up4SupremeFashion Company
0%
Boss Up5Martellus BennettFootball Player
0%
Boss Up6Sean WotherspoonShoe Designer
0%
Boss Up8Chiney OgwumikeBasketball Player
0%
Boss Up9FilayyyySocial Media Commentator
0%
Speak Up9Vivek RanadiveBasketball Owner
0%
Level Up8Shohei OhtaniBaseball Player
0%
Speak Up8Josh RosenFootball Player
0%
Speak Up7Breanna StewartBasketball Player
0%
Shake It Up2Faze ClaneSports Team
0%
Shake It Up3Katie SowersFootball Coach
0%
Shake It Up6Rachel DeMitaBasketball Show Host
0%
Shake It Up7UMBCCollege Basketball Team
0%
Shake It Up9Michael RubinBasketball Owner
0%
Shake It Up10Darius BazleyBasketball Player
0%
Level Up10Sabrina IonescuBasketball Player
0%
Level Up5A'ja WilsonBasketball Player
0%
Level Up6Sylvia FowlesBasketball Player
0%

Score Distribution

Percentile by Number Answered

Percent of People with Each Score

Your Score History

You have not taken this quiz